Les Principaux Attaquants de l'AC Milan depuis 1990 - Statistiques

Statistiques générales
  • Ce quiz a été pris 95 fois
    29 depuis la dernière actualisation
  • Le résultat moyen est 24 sur 69
Statistiques - réponses
Date de Passage
Nationalité
sportive
Réponse % Correct
2010-2012 2020-2023 Suède Zlatan Ibrahimovic
96%
2001-2012 Italie Filippo Inzaghi
89%
1987-1995 Pays-Bas Marco Van Basten
79%
1999-2006 2008-2009 Ukraine Andriy Shevchenko
71%
2019- Portugal Rafael Leao
71%
2004-2005 Argentine Hernan Crespo
68%
2021-2024 France Olivier Giroud
68%
1995-2000 Libéria George Weah
64%
2003-2009 2013-2014 Brésil Kaka
64%
2010-2015 Brésil Robinho
64%
2007-2008 Brésil Ronaldo
64%
2024- Espagne Alvaro Morata
57%
2019-2020 Pologne Krzysztof Piatek
57%
2008-2011 Brésil Ronaldinho
57%
1987-1994 Pays-Bas Ruud Gullit
54%
2015-2018 Colombie Carlos Bacca
50%
2025- France Christopher Nkunku
50%
2020-2023 Maroc Brahim Diaz
46%
2018-2019 Argentine Gonzalo Higuain
46%
1992-1994 France Jean-Pierre Papin
46%
2014-2017 Japon Keisuke Honda
46%
2023-2025 Serbie Luka Jovic
46%
2008-2013 Brésil Alexandre Pato
43%
1993-1994 Danemark Brian Laudrup
43%
2017-2020 Portugal André Silva
39%
2010-2013 2016 Ghana Kevin-Prince Boateng
39%
2013-2014 2015-2016 Italie Mario Balotelli
39%
1995-1997 Italie Roberto Baggio
39%
2001-2006 Portugal Rui Costa
39%
2014-2016 France Jérémy Menez
36%
2025- Mexique Santiago Gimenez
36%
2015-2020 Espagne Suso
36%
2020- Belgique Alexis Saelemaekers
32%
2002-2003 Brésil Rivaldo
32%
2019-2023 Croatie Ante Rebic
29%
1996-1997 France Christophe Dugarry
29%
2015-2017 Brésil Luiz Adriano
29%
2012-2018 Sénégal M'Baye Niang
29%
2026 Allemagne Niclas Füllkrug
29%
1997-1998 Pays-Bas Patrick Kluivert
29%
1991-2001 Yougolsavie (Croatie) Zvonimir Boban
29%
2005-2006 Italie Christian Vieri
25%
1986-1995 Italie Daniele Massaro
25%
2014-2016 Espagne Fernando Torres
25%
1989-1997 2001-2002 Italie Marco Simone
25%
1998-2001 Allemagne Oliver Bierhoff
25%
1992-1998 Yougoslavie (Monténégro) Dejan Savicevic
21%
2018-2022 Espagne Samu Castillejo
21%
2006-2009 France Yoann Gourcuff
21%
2005-2008 Italie Alberto Gilardino
18%
2011-2012 Italie Antonio Cassano
18%
2012-2013 Catalogne Bojan Krkic
18%
2023- Étas-Unis Christian Pulisic
18%
2011-2016 Italie Stephan El Shaarawy
14%
2017-2020 Italie Fabio Borini
11%
2025 Portugal Joao Félix
11%
2002-2007 2008-2010 Italie Marco Borriello
11%
2002-2007 2013-2016 Italie Alessandro Matri
7%
2012-2015 Italie Giampaolo Pazzini
7%
2019-2020 Brésil Lucas Paqueta
7%
2017-2019 Italie Patrick Cutrone
7%
1993-1994 Roumanie Florin Raducioiu
4%
1992-1996 Italie Gianluigi Lentini
4%
1997-2001 Brésil Leonardo
4%
2017 Argentine Lucas Ocampos
4%
1982-1983 1991-1993 Italie Aldo Serena
0%
1987-1991 1994-1995 Italie Giovanni Stroppa
0%
2000-2003 Espagne José Mari
0%
1994-1996 Italie Paolo Di Canio
0%
Aucun quiz correspondant
Distribution des résultats
% des personnes avec chaque résultat
Percentile par nombre de réponses
Votre historique - résultats
Vous n’avez pas pris ce quiz depuis la dernière actualisation